Top European Club Football XIs 2010-11 Quiz Stats

 Plays Quiz not verified by Sporcle

Challenge
Share
Tweet
Embed
Score 0/198 Timer 20:00
0 Plays Today
% Correct
Wayne Rooney
94.1%
Edwin Van der Sar
93%
Petr Cech
92.9%
Rio Ferdinand
90.8%
Cristiano Ronaldo
90.5%
Nemanja Vidic
90.4%
John Terry
89.8%
Didier Drogba
89.4%
Frank Lampard
87.8%
Iker Casillas
87.7%
Patrice Evra
87.5%
Lionel Messi
87.1%
Victor Valdes
86.4%
Steven Gerrard
85.6%
Fernando Torres
85.4%
Pepe Reina
85.3%
Robin Van Persie
85.2%
Joe Hart
84.8%
Michael Carrick
84.4%
Ashley Cole
84.3%
Gerard Pique
84.2%
Xavi Hernandez
84%
Andres Iniesta
84%
Ryan Giggs
83.1%
Dimitar Berbatov
82.5%
Sergio Ramos
81.3%
Thiago Silva
80.8%
Karim Benzema
80.8%
David Villa
80.5%
Nani
80.3%
David Silva
80.1%
Dani Alves
80%
Yaya Toure
79.3%
Xabi Alonso
79.2%
Kolo Toure
79.2%
Carlos Tevez
79.1%
Pepe
78.2%
Simone Pepe
78.2%
Cesc Fabregas
77.6%
Branislav Ivanovic
77.3%
Sergio Busquets
77%
Vincent Kompany
76.2%
Pedro
75.9%
Jamie Carragher
75.6%
Nicolas Anelka
74.3%
Gael Clichy
73.9%
Bacary Sagna
73.6%
Sergio Aguero
73.6%
Marcelo
73.5%
Michael Essien
72.8%
Florent Malouda
72.3%
Mesut Ozil
71.7%
Zlatan Ibrahimovic
71.3%
Samir Nasri
69.8%
Eric Abidal
69.7%
Gareth Bale
69.3%
Samuel Eto'o
69.1%
Darren Fletcher
69.1%
Julio Cesar
69%
Francesco Totti
68.5%
Glen Johnson
68.3%
John Obi Mikel
67.9%
Martin Skrtel
67.4%
John O'Shea
66.8%
Franck Ribery
66.4%
Philip Lahm
66.4%
% Correct
Diego Milito
66%
Ricardo Carvalho
65.7%
Dirk Kuyt
65.2%
Pablo Zabaleta
64.4%
Angel Di Maria
64.4%
Laurent Koscielny
63.9%
Mario Gomez
63.5%
Sami Khedira
63.2%
Robinho
63%
Gareth Barry
62.8%
Bastien Schweinsteiger
62.1%
James Milner
62%
Wesley Sneijder
61.8%
Alexander Kolarov
61.7%
Luka Modric
61.5%
Diego Forlan
60.6%
David De Gea
60.1%
Thomas Muller
58.7%
Lukasz Fabianski
58.3%
Heurelho Gomes
58.2%
Alexandre Song
58.1%
Maicon
56.9%
Lucio
56.9%
Daniele De Rossi
56.6%
Christian Abbiati
56.5%
Giorgio Chiellini
55.2%
Javier Zanetti
54.3%
Juan Mata
54.1%
Esteban Cambiasso
54%
Ramires
53.7%
Kevin Prince Boateng
53.6%
Jack Wilshere
53.1%
Gattuso
52.6%
Alessandro Nesta
52.4%
Peter Crouch
52.2%
Mats Hummels
52.1%
Andrei Arshavin
52%
Mario Gotze
50.6%
Lucas
50.2%
William Gallas
49.2%
Alexandre Pato
49%
Michael Dawson
48.7%
Alessandro Del Piero
48.4%
Rafael Van der Vaart
48.3%
Roberto Soldado
46.9%
Frederic Kanoute
45.6%
Hans Jorg Butt
45.5%
Nigel De Jong
45.5%
Maxi Rodriguez
43.8%
Steve Mandanda
43.5%
Toni Kroos
43%
Aaron Lennon
43%
Clarence Seedorf
42.8%
Ignazio Abate
42.4%
Benoit Assou-Ekotto
40.9%
Roman Weidenfeller
40.5%
Goran Pandev
38.3%
Cristian Chivu
38.2%
Pablo Hernandez
38.1%
Holger Badstuber
37.8%
Neven Subotic
37.4%
Dejan Stankovic
36.9%
Juan
36.9%
Philippe Mexes
36.2%
Leonardo Bonucci
36.1%
Shinji Kagawa
35.9%
% Correct
Claudio Marchisio
35.8%
Sebastien Squillaci
35.3%
Raul Meireles
34.5%
John Arne Riise
34.3%
Daniel Van Buyten
34.2%
Diego Godin
34%
Roman Pavlyuchenko
33.9%
Alvaro Negredo
32.2%
Nuri Sahin
32.1%
Lucas Barrios
29.9%
Ricardo Costa
29.8%
Jose Reyes
27.8%
Marcell Schmelzer
27.7%
Andres Palop
27%
Maxwell
26.9%
Raul Garcia
26.7%
Sven Bender
26.2%
Alan Hutton
24.9%
Mathieu Valbuena
24.9%
Andre-Pierre Gignac
24.8%
Marco Motta
24.7%
Paul Konchesky
24.3%
Tiago
23.8%
Andre Ayew
23.8%
Loic Remy
21.4%
Lucasz Piszczek
21.1%
Lucho Gonzalez
18.1%
Fabio Quagliarella
17.9%
Joaquin
17.4%
Luca Antonini
17.3%
Kevin Gro├čkreutz
17%
Alberto Aquilani
16.9%
Jeremy Mathieu
16.4%
Gabriel Heinze
16.3%
Simone Perrotta
15.7%
Milos Krasic
15.6%
Miguel
14.9%
Marco Storari
14.6%
Taye Taiwo
14.3%
Felipe Melo
13.9%
Marco Borriello
13.2%
Anatolii Tymoschuk
13.1%
Luis Perea
12.6%
Tomas Ujfalusi
12.2%
Aritz Aduriz
11.4%
Danijel Pranjic
10.7%
Fernando Navarro
10.5%
Souleymane Diawara
10.3%
Benoit Cheyrou
9.9%
Jeremy Menez
9.8%
Julio Sergio
9.7%
Nicolas Burdisso
8.8%
Filipe
8.7%
Stephane Mbia
8.4%
Julien Escude
8.3%
Vincente Guaita
8.1%
Martin Caceres
7.9%
Didier Zokora
7.4%
Marco Cassetti
6.8%
Paulo Assuncao
6.8%
Diego Perotti
6.2%
Romaric
5.6%
Mehmet Topal
5.5%
Alexis
4.5%
Marius Stankevicius
2.5%
Mouhamadou Dabo
1.9%

You're not logged in!

Compare scores with friends on all Sporcle quizzes.
OR
Log In

You Might Also Like...

Show Comments

Extras

Top Quizzes Today


Score Distribution

Your Account Isn't Verified!

In order to create a playlist on Sporcle, you need to verify the email address you used during registration. Go to your Sporcle Settings to finish the process.

Report this User

Report this user for behavior that violates our Community Guidelines.

Details: